Principles of commercial law /
Enregistré dans:
| Auteur principal: | |
|---|---|
| Format: | Livre |
| Publié: |
Nairobi :
Law Africa ,
c2016.
|
| Édition: | 3rd ed. |
| Sujets: | |
| Tags: |
Ajouter un tag
Pas de tags, Soyez le premier à ajouter un tag!
|
MARC
| LEADER | 00000cam a2200000 i 4500 | ||
|---|---|---|---|
| 005 | 20251202140402.0 | ||
| 020 | |a 9789966530691 |c TZS 81,000/= | ||
| 040 | |a MCCL |b eng. |e AACR 2nd. rev. ed. | ||
| 082 | |a 346.07 LAI | ||
| 100 | 1 | |a Laibuta, Kibaya Imaana. | |
| 245 | 1 | 0 | |a Principles of commercial law / |c Kibaya Imaana Laibuta, CArb. |
| 250 | |a 3rd ed. | ||
| 260 | |a Nairobi : |b Law Africa , |c c2016. | ||
| 300 | |a xlvii, 619 pages ; |c 25 cm | ||
| 504 | |a Includes bibliographical references and index. | ||
| 546 | |a eng. | ||
| 650 | 0 | |a Commercial law |z Kenya. | |
| 650 | 0 | |a Partinership. | |
| 700 | |a Laibuta, Kibaya Imaana. | ||
| 942 | |c BK | ||
| 999 | |c 12504 |d 12504 | ||